[Event "4NCL/Div1c/GUI2 vs. PAP"]
[Site "Staverton Park ENG"]
[Date "2009.05.03"]
[Round "10.3"]
[White "Plaskett, James"]
[Black "Grafl, Florian"]
[Result "1-0"]
[WhiteElo "2491"]
[BlackElo "2407"]
[PlyCount "57"]
[EventDate "2009.05.03"]
[EventType "team"]
[EventRounds "11"]
[EventCountry "ENG"]
[SourceDate "2008.10.04"]

1. e4 d5 2. exd5 Qxd5 3. Nc3 Qd6 4. d4 Nf6 5. Bc4 a6 6. Nge2 b5 7. Bb3 Bb7 8.
Bf4 Qd7 9. d5 c5 10. dxc6 Qxc6 11. Qd2 Nbd7 12. O-O-O e6 13. Nd4 Qb6 14. Rhe1
O-O-O 15. Nxe6 fxe6 16. Rxe6 Qa5 17. Qe2 Bb4 18. Nd5 Nxd5 19. Rxd5 Nf6 20. Rg5
Rd7 21. c3 Rc7 22. Kb1 Bc5 23. Rxf6 gxf6 24. Rxc5 Rxc5 25. Qe6+ Kd8 26. Qxf6+
Kd7 27. Be6+ Kc6 28. Bf5+ Kd5 29. Qe6# 1-0

[Event "4NCL/Div1c/GUI2 vs. PAP"]
[Site "Staverton Park ENG"]
[Date "2009.05.03"]
[Round "10.4"]
[White "Emms, John M"]
[Black "Gallagher, Joseph G"]
[Result "1/2-1/2"]
[WhiteElo "2487"]
[BlackElo "2462"]
[PlyCount "200"]
[EventDate "2009.05.03"]
[EventType "team"]
[EventRounds "11"]
[EventCountry "ENG"]
[SourceDate "2008.10.04"]

1. e4 c5 2. c3 Nf6 3. e5 Nd5 4. Nf3 Nc6 5. Bc4 Nb6 6. Bb3 d5 7. exd6 Qxd6 8.
Na3 a6 9. O-O Bf5 10. d4 cxd4 11. Nxd4 Nxd4 12. cxd4 e6 13. Qf3 Qd7 14. d5 Nxd5
15. Rd1 Bxa3 16. bxa3 O-O 17. Bb2 Rad8 18. h4 h6 19. Rd2 b5 20. Rc1 Kh8 21. Rc5
Bh7 22. Bxd5 exd5 23. Rcxd5 Qe7 24. Rxd8 Rxd8 25. Rxd8+ Qxd8 26. Qxf7 Qd1+ 27.
Kh2 Qg4 28. Qe7 Bg8 29. f3 Qf4+ 30. Kg1 Qf7 31. Qe5 Qf6 32. Qxf6 gxf6 33. Bxf6+
Kh7 34. h5 Bxa2 35. Bc3 Bf7 36. g4 Bb3 37. Kf2 Bd1 38. Kg3 Be2 39. f4 Bd1 40.
Kh4 Bc2 41. g5 hxg5+ 42. Kxg5 Bd1 43. f5 Be2 44. h6 Bc4 45. Bd2 Bd5 46. Kf6 a5
47. Ke7 b4 48. Bxb4 a4 49. Bd2 Bb3 50. Kf6 Bc2 51. Kg5 Bb1 52. Bb4 Bxf5 53.
Kxf5 Kxh6 54. Kf6 Kh7 55. Kf7 Kh8 56. Kf8 Kh7 57. Bc3 Kg6 58. Ke7 Kf5 59. Kd6
Kg6 60. Ke7 Kh7 61. Be5 Kg6 62. Bg3 Kg7 63. Be5+ Kg6 64. Ke6 Kg5 65. Kf7 Kh6
66. Kg8 Kg6 67. Bg7 Kf5 68. Kf7 Kg5 69. Be5 Kh6 70. Kg8 Kg6 71. Bg7 Kf5 72. Kf7
Kg5 73. Bf8 Kf5 74. Be7 Ke5 75. Ke8 Ke6 76. Bh4 Kd6 77. Kd8 Ke6 78. Bg3 Kf7 79.
Kd7 Kf6 80. Kd6 Kf7 81. Bh4 Kf8 82. Kc6 Ke8 83. Bg5 Kf7 84. Bh4 Ke8 85. Kd6 Kf7
86. Kd7 Kf8 87. Bg5 Kf7 88. Be7 Kg6 89. Ke6 Kg7 90. Bd6 Kg8 91. Ke7 Kg7 92. Bg3
Kg6 93. Be5 Kf5 94. Kd6 Kg6 95. Kc5 Kf5 96. Kd5 Kg6 97. Kc4 Kf5 98. Bh2 Ke6 99.
Kb5 Kd7 100. Kxa4 Kc6 1/2-1/2

[Event "4NCL/Div1c/GUI2 vs. PAP"]
[Site "Staverton Park ENG"]
[Date "2009.05.03"]
[Round "10.5"]
[White "Shaw, John K"]
[Black "Pokorna, Regina"]
[Result "1-0"]
[WhiteElo "2469"]
[BlackElo "2368"]
[PlyCount "123"]
[EventDate "2009.05.03"]
[EventType "team"]
[EventRounds "11"]
[EventCountry "ENG"]
[SourceDate "2008.10.04"]

1. e4 e5 2. Nf3 Nc6 3. Bb5 a6 4. Bxc6 dxc6 5. O-O f6 6. d4 exd4 7. Nxd4 c5 8.
Ne2 Qxd1 9. Rxd1 Bd7 10. Nbc3 O-O-O 11. Be3 b6 12. a4 a5 13. Rd2 Re8 14. Rad1
Bc6 15. Nf4 Nh6 16. Nfd5 Ng4 17. Bf4 Ne5 18. b3 Kb7 19. Nb5 Bxb5 20. axb5 Bd6
21. Bg3 c4 22. f3 cxb3 23. cxb3 Bc5+ 24. Bf2 Bxf2+ 25. Kxf2 Rd8 26. Ne3 Rxd2+
27. Rxd2 Re8 28. h4 h5 29. Nf5 g6 30. Ne3 Re7 31. Nd5 Rf7 32. Nf4 Kc8 33. Rd4
Re7 34. Nd5 Re6 35. Ke3 Kb7 36. Kf4 Nd7 37. b4 axb4 38. Nxb4 Ne5 39. g4 hxg4
40. fxg4 Re8 41. Nd5 g5+ 42. Kf5 Nf3 43. Rc4 gxh4 44. Rxc7+ Kb8 45. Rh7 Nd4+
46. Kxf6 Rxe4 47. Rxh4 Re6+ 48. Kf7 Rd6 49. Nf6 Nf3 50. Rh5 Rd4 51. Rf5 Nh4 52.
Rd5 Rf4 53. g5 Nf5 54. g6 Nh6+ 55. Ke6 Rf1 56. Rh5 Re1+ 57. Kd6 Rd1+ 58. Kc6
Rc1+ 59. Kxb6 Rf1 60. Nd7+ Kc8 61. Rxh6 Kxd7 62. g7 1-0

[Event "4NCL/Div1c/GUI2 vs. PAP"]
[Site "Staverton Park ENG"]
[Date "2009.05.03"]
[Round "10.6"]
[White "Kilpatrick, Callum"]
[Black "Buckley, Graeme"]
[Result "0-1"]
[WhiteElo "2211"]
[BlackElo "2395"]
[PlyCount "102"]
[EventDate "2009.05.03"]
[EventType "team"]
[EventRounds "11"]
[EventCountry "ENG"]
[SourceDate "2008.10.04"]

1. e4 c5 2. Nf3 e6 3. d4 cxd4 4. Nxd4 Nf6 5. Nc3 d6 6. Be2 Be7 7. O-O Nc6 8.
Be3 O-O 9. Qd2 d5 10. exd5 exd5 11. Nxc6 bxc6 12. Bd4 Be6 13. Bf3 Bd6 14. h3
Nd7 15. Rfe1 Qh4 16. Rab1 Rad8 17. b4 Nb6 18. Bxb6 axb6 19. b5 d4 20. Ne4 c5
21. Nxd6 Rxd6 22. Re4 Qf6 23. Rf4 Qh6 24. g3 Bxa2 25. Ra1 Bc4 26. Be2 Bxe2 27.
Qxe2 Qxh3 28. Qe7 Qe6 29. Re4 Qxe7 30. Rxe7 g5 31. Raa7 Kg7 32. Reb7 c4 33. Rd7
Rxd7 34. Rxd7 Rc8 35. Rxd4 Rc5 36. Kg2 h5 37. Kf3 Rxb5 38. Rxc4 Rc5 39. Rb4 b5
40. Rb3 Kf6 41. Ke3 Kf5 42. Kd4 Re5 43. Kd3 Kg4 44. Kd2 f5 45. Kd3 h4 46. gxh4
gxh4 47. Rb4+ f4 48. Kd4 Rh5 49. Ke4 h3 50. Rb1 h2 51. Rh1 b4 0-1

[Event "4NCL/Div1c/GUI2 vs. PAP"]
[Site "Staverton Park ENG"]
[Date "2009.05.03"]
[Round "10.7"]
[White "Muir, Andrew J"]
[Black "Constantinou, Peter"]
[Result "1/2-1/2"]
[WhiteElo "2351"]
[BlackElo "2235"]
[PlyCount "153"]
[EventDate "2009.05.03"]
[EventType "team"]
[EventRounds "11"]
[EventCountry "ENG"]
[SourceDate "2008.10.04"]

1. d4 g6 2. e4 Bg7 3. c4 d6 4. Nc3 Nc6 5. Be3 e5 6. d5 Nce7 7. g4 c5 8. h4 Nf6
9. f3 h5 10. g5 Nd7 11. Bh3 O-O 12. Qd3 a6 13. Nge2 Rb8 14. a4 Re8 15. O-O Nb6
16. Bxc8 Nexc8 17. Kh2 a5 18. Nb5 Nd7 19. Bd2 b6 20. Bc3 Qe7 21. Rae1 Rb7 22.
Qd2 Na7 23. Na3 Rf8 24. Nc1 Rbb8 25. Nd3 Rbe8 26. Nc2 Kh7 27. Ne3 f6 28. Nd1
Rf7 29. Qg2 Ref8 30. Ne3 Nc8 31. Nf5 Qd8 32. f4 fxg5 33. Nxg7 gxf4 34. Ne6
Qxh4+ 35. Kg1 Kh6 36. Nxf8 Rxf8 37. Rf3 Qg4 38. Nf2 Qxg2+ 39. Kxg2 g5 40. Rh1
Nf6 41. Rfh3 Kg6 42. Nd3 g4 43. Rh4 Nxe4 44. Rxh5 f3+ 45. Kg1 f2+ 46. Nxf2 Rxf2
47. Rh6+ Kg5 48. R1h5+ Kf4 49. Rh8 Ne7 50. Rf8+ Ke3 51. Rxf2 Nxf2 52. Bxe5 Ne4
53. Bxd6 Nxd6 54. Re5+ Kd4 55. Rxe7 Nxc4 56. Rd7 Ke5 57. b3 Nd6 58. Rg7 Kxd5
59. Rxg4 c4 60. bxc4+ Nxc4 61. Kf2 Nd6 62. Ke3 b5 63. Kd3 bxa4 64. Rg5+ Ke6 65.
Rxa5 a3 66. Rxa3 Ke5 67. Ra5+ Ke6 68. Kd4 Nf5+ 69. Ke4 Nd6+ 70. Kf4 Nc4 71. Rc5
Nd6 72. Re5+ Kf6 73. Re1 Nf7 74. Ra1 Ke6 75. Ke4 Nd6+ 76. Kf4 Kd5 77. Rd1+
1/2-1/2

[Event "4NCL/Div1c/GUI2 vs. PAP"]
[Site "Staverton Park ENG"]
[Date "2009.05.03"]
[Round "10.8"]
[White "Auckland, Elliott"]
[Black "Sandu, Mihaela"]
[Result "1/2-1/2"]
[WhiteElo "2002"]
[BlackElo "2305"]
[PlyCount "56"]
[EventDate "2009.05.03"]
[EventType "team"]
[EventRounds "11"]
[EventCountry "ENG"]
[SourceDate "2008.10.04"]

1. c4 Nf6 2. Nc3 g6 3. d4 Bg7 4. e4 d6 5. f3 O-O 6. Bg5 c5 7. d5 h6 8. Be3 e6
9. Qd2 exd5 10. cxd5 Na6 11. Nge2 h5 12. Nc1 Nc7 13. a4 Bd7 14. Be2 a6 15. a5
Rb8 16. O-O Re8 17. Bf4 Bb5 18. Bxb5 Nxb5 19. Nxb5 axb5 20. Qd3 Qd7 21. Ne2 h4
22. Nc3 c4 23. Qd2 Ra8 24. Qf2 Ra6 25. Qxh4 Rea8 26. Bh6 Bxh6 27. Qxh6 b6 28.
f4 Ng4 1/2-1/2

[Event "4NCL/Div1d/BAR2 vs. SWD1"]
[Site "Staverton Park ENG"]
[Date "2009.05.03"]
[Round "10.1"]
[White "Berry, Neil"]
[Black "Cooper, John G"]
[Result "1-0"]
[WhiteElo "2319"]
[BlackElo "2350"]
[PlyCount "75"]
[EventDate "2009.05.03"]
[EventType "team"]
[EventRounds "11"]
[EventCountry "ENG"]
[SourceDate "2008.10.04"]

1. d4 e6 2. c4 d5 3. Nf3 c5 4. cxd5 exd5 5. g3 Nf6 6. Bg2 Be7 7. O-O O-O 8. Nc3
Nc6 9. Bg5 cxd4 10. Nxd4 h6 11. Be3 Re8 12. Qa4 Bd7 13. Rfd1 Bc5 14. Ne6 fxe6
15. Bxc5 b6 16. Bd6 Rc8 17. Rab1 Na5 18. Qd4 Rc4 19. Qd3 Nc6 20. Nxd5 Rd4 21.
Nxf6+ Qxf6 22. Qc3 e5 23. Bxc6 Qxd6 24. Rxd4 exd4 25. Qc4+ Be6 26. Qa4 Rc8 27.
Be4 Qe5 28. Bd3 a5 29. b3 Kh8 30. Rd1 Bd5 31. Qd7 Rf8 32. Qg4 Qf6 33. f3 g5 34.
Rc1 Qe5 35. Rc8 Rxc8 36. Qxc8+ Kg7 37. Qd7+ Bf7 38. Bc4 1-0

[Event "4NCL/Div1d/BAR2 vs. SWD1"]
[Site "Staverton Park ENG"]
[Date "2009.05.03"]
[Round "10.2"]
[White "Rees, Ioan"]
[Black "Pritchett, Craig W"]
[Result "1-0"]
[WhiteElo "2307"]
[BlackElo "2306"]
[PlyCount "107"]
[EventDate "2009.05.03"]
[EventType "team"]
[EventRounds "11"]
[EventCountry "ENG"]
[SourceDate "2008.10.04"]

1. Nf3 Nf6 2. c4 e6 3. g3 b6 4. Bg2 Bb7 5. O-O Be7 6. Nc3 O-O 7. Re1 d5 8. cxd5
exd5 9. d4 Na6 10. Bf4 c5 11. Rc1 Ne4 12. dxc5 Naxc5 13. Nd4 Bg5 14. Bxg5 Qxg5
15. b4 Nxc3 16. Rxc3 Ne4 17. Rc7 Rab8 18. Nf3 Qd8 19. Rc1 Rc8 20. Qd4 Qd7 21.
Nd2 Qf5 22. Nf1 h6 23. Bf3 Rxc1 24. Rxc1 Rc8 25. Rxc8+ Qxc8 26. Ne3 Qc3 27.
Qxc3 Nxc3 28. a3 d4 29. Bxb7 dxe3 30. fxe3 Nd1 31. e4 Kf8 32. Kf1 Ke7 33. Ke1
Ne3 34. Kd2 Nf1+ 35. Kd3 Nxh2 36. Kc4 Kd6 37. e5+ Kc7 38. Bd5 Nf1 39. Bxf7 Nxg3
40. Kd5 Nxe2 41. e6 Nf4+ 42. Ke5 Nxe6 43. Kxe6 g5 44. Bh5 Kc6 45. a4 Kc7 46.
Bf3 b5 47. a5 a6 48. Ke7 Kc8 49. Kd6 Kb8 50. Kc6 Ka7 51. Kc7 g4 52. Bxg4 h5 53.
Bxh5 Ka8 54. Kb6 1-0

[Event "4NCL/Div1d/BAR2 vs. SWD1"]
[Site "Staverton Park ENG"]
[Date "2009.05.03"]
[Round "10.4"]
[White "Zeidler, Sven P"]
[Black "Taylor, Martin R"]
[Result "1-0"]
[WhiteElo "2223"]
[BlackElo "2330"]
[PlyCount "71"]
[EventDate "2009.05.03"]
[EventType "team"]
[EventRounds "11"]
[EventCountry "ENG"]
[SourceDate "2008.10.04"]

1. e4 Nf6 2. Nc3 e5 3. Nf3 Nc6 4. a3 d5 5. Bb5 d4 6. Ne2 Nxe4 7. d3 Nf6 8. Nxe5
Qd5 9. Nxc6 bxc6 10. Bc4 Qxg2 11. Rg1 Qxh2 12. Bf4 Qh4 13. Qd2 Bg4 14. Bg5 Qh5
15. Bxf6 gxf6 16. Qf4 Bxe2 17. Qxf6 Bh6 18. Bxf7+ Qxf7 19. Qxh8+ Bf8 20. Qe5+
Qe7 21. Qxe7+ Kxe7 22. Kxe2 c5 23. Rh1 h6 24. Rag1 Kf7 25. Rh4 Re8+ 26. Kf3 Bg7
27. Re4 Rb8 28. b3 Rb6 29. a4 a5 30. Reg4 Bf6 31. Rg6 h5 32. Rh6 h4 33. Rh7+
Ke6 34. Rxc7 Kd6 35. Rh7 Rb8 36. Rg6 1-0

[Event "4NCL/Div1d/BAR2 vs. SWD1"]
[Site "Staverton Park ENG"]
[Date "2009.05.03"]
[Round "10.5"]
[White "Coleman, David"]
[Black "Morris, Gareth L"]
[Result "1-0"]
[WhiteElo "2221"]
[BlackElo "2156"]
[PlyCount "79"]
[EventDate "2009.05.03"]
[EventType "team"]
[EventRounds "11"]
[EventCountry "ENG"]
[SourceDate "2008.10.04"]

1. e4 c5 2. Nf3 Nc6 3. d4 cxd4 4. Nxd4 e5 5. Nb5 d6 6. c4 Be7 7. N1c3 a6 8. Na3
f5 9. exf5 Bxf5 10. Be3 Nf6 11. Be2 O-O 12. O-O Kh8 13. Nc2 Rc8 14. Rc1 Qe8 15.
Kh1 Qg6 16. f3 Nd8 17. Ne1 h5 18. Qd2 Ne6 19. Nd3 Nd4 20. Bxd4 exd4 21. Nf4 Qh6
22. Qxd4 Nd7 23. Nfd5 Bd8 24. f4 Re8 25. Bf3 Nc5 26. b3 Qg6 27. Rce1 Bd3 28.
Rxe8+ Qxe8 29. Rd1 Bf5 30. g3 Ne6 31. Qe3 Qf7 32. Re1 Ba5 33. Rc1 Bd8 34. Ne4
Bxe4 35. Bxe4 Nc5 36. Bb1 g6 37. Re1 Bf6 38. Nxf6 Qxf6 39. Qe7 Rf8 40. Bxg6 1-0

[Event "4NCL/Div1d/BAR2 vs. SWD1"]
[Site "Staverton Park ENG"]
[Date "2009.05.03"]
[Round "10.6"]
[White "James, David J"]
[Black "Ynojosa, Felix J"]
[Result "1/2-1/2"]
[WhiteElo "2130"]
[BlackElo "2187"]
[PlyCount "104"]
[EventDate "2009.05.03"]
[EventType "team"]
[EventRounds "11"]
[EventCountry "ENG"]
[SourceDate "2008.10.04"]

1. Nf3 Nf6 2. c4 g6 3. Nc3 Bg7 4. g3 d6 5. Bg2 O-O 6. O-O Nc6 7. d4 e5 8. dxe5
dxe5 9. Qxd8 Rxd8 10. Bg5 Be6 11. b3 h6 12. Bxf6 Bxf6 13. Rad1 Bg7 14. Nd2 f5
15. Ndb1 e4 16. Rxd8+ Rxd8 17. Rd1 Rxd1+ 18. Nxd1 Nb4 19. Ndc3 c6 20. Kf1 Kf7
21. Ke1 Bd4 22. e3 Bb6 23. Bf1 g5 24. a3 Na6 25. b4 Nb8 26. Nd2 g4 27. h3 h5
28. hxg4 hxg4 29. Ne2 Kf6 30. Nd4 c5 31. Nxe6 Kxe6 32. Nb3 Kd6 33. Kd2 Nc6 34.
Kc3 Nd8 35. Kd2 Ne6 36. Be2 Bd8 37. Bf1 Bf6 38. Kc2 b6 39. b5 Ng5 40. Kd2 Nh3
41. Ke2 Ng1+ 42. Kd1 Bc3 43. a4 Ke5 44. Bg2 Nf3 45. Bf1 Be1 46. Ke2 Bb4 47. Kd1
Ne1 48. Nc1 Ba5 49. Be2 Nf3 50. Nb3 Bb4 51. Bf1 Be1 52. Ke2 Bb4 1/2-1/2

[Event "4NCL/Div1d/BAR2 vs. SWD1"]
[Site "Staverton Park ENG"]
[Date "2009.05.03"]
[Round "10.7"]
[White "Chapman, Terence"]
[Black "Roberts, David L"]
[Result "1-0"]
[WhiteElo "2232"]
[BlackElo "2107"]
[PlyCount "73"]
[EventDate "2009.05.03"]
[EventType "team"]
[EventRounds "11"]
[EventCountry "ENG"]
[SourceDate "2008.10.04"]

1. Nf3 Nf6 2. c4 g6 3. g3 Bg7 4. Bg2 d6 5. O-O O-O 6. Nc3 Nbd7 7. Rb1 e5 8. d3
Ne8 9. b4 f5 10. Bg5 Bf6 11. Bxf6 Ndxf6 12. c5 Kh8 13. cxd6 cxd6 14. Qd2 Rb8
15. Rfc1 Bd7 16. a4 Nc7 17. Qe3 b6 18. b5 Ne6 19. Qd2 Rg8 20. Ng5 Nxg5 21. Qxg5
Be6 22. Qd2 Rc8 23. Na2 Bxa2 24. Qxa2 Rc5 25. Qb2 Qe7 26. Bc6 Qg7 27. Rxc5 bxc5
28. b6 axb6 29. Qxb6 Qh6 30. Bg2 f4 31. Qxd6 Ng4 32. h3 fxg3 33. hxg4 gxf2+ 34.
Kf1 Qf4 35. a5 Rf8 36. a6 Kg7 37. Qxf8+ 1-0

[Event "4NCL/Div1d/BAR2 vs. SWD1"]
[Site "Staverton Park ENG"]
[Date "2009.05.03"]
[Round "10.8"]
[White "Wilson, Julie"]
[Black "Regan, Natasha"]
[Result "0-1"]
[WhiteElo "1910"]
[BlackElo "2177"]
[PlyCount "64"]
[EventDate "2009.05.03"]
[EventType "team"]
[EventRounds "11"]
[EventCountry "ENG"]
[SourceDate "2008.10.04"]

1. d4 Nf6 2. c4 g6 3. Nc3 Bg7 4. e4 O-O 5. Bd3 c6 6. e5 Ne8 7. Nge2 d6 8. f4
dxe5 9. dxe5 Na6 10. Be3 Be6 11. a3 f6 12. Nd4 Bc8 13. exf6 Nxf6 14. Be2 Qc7
15. Qc2 e5 16. fxe5 Qxe5 17. Bf2 Ng4 18. Nf3 Qh5 19. O-O Rxf3 20. h3 Rxh3 21.
gxh3 Qxh3 22. Bxg4 Qxg4+ 23. Kh1 Qf3+ 24. Kg1 Bh3 25. Qe4 Qxe4 26. Nxe4 Bxf1
27. Rxf1 b6 28. b3 Rd8 29. Bh4 Rd3 30. Nf6+ Bxf6 31. Rxf6 Rxb3 32. Rxc6 Rxa3
0-1

[Event "4NCL/Div1d/BET vs. CAMB1"]
[Site "Staverton Park ENG"]
[Date "2009.05.03"]
[Round "10.1"]
[White "Hunt, Adam C"]
[Black "Pixton, Adam"]
[Result "1/2-1/2"]
[WhiteElo "2433"]
[BlackElo "2462"]
[PlyCount "59"]
[EventDate "2009.05.03"]
[EventType "team"]
[EventRounds "11"]
[EventCountry "ENG"]
[SourceDate "2008.10.04"]

1. e4 c5 2. Nf3 d6 3. d4 cxd4 4. Nxd4 Nf6 5. Nc3 g6 6. Be3 Bg7 7. f3 O-O 8. Qd2
Nc6 9. O-O-O Nxd4 10. Bxd4 Be6 11. Kb1 Qc7 12. h4 Rfc8 13. h5 Qa5 14. hxg6 fxg6
15. a3 Bf7 16. g4 Rab8 17. g5 Nh5 18. Bxg7 Kxg7 19. Bh3 Rc4 20. Bg4 b5 21. Nd5
Qxd2 22. Rxd2 Bxd5 23. exd5 Nf4 24. Re1 Rb7 25. b3 Rc5 26. Be6 Rc3 27. Bg4 Rc5
28. Be6 Rc3 29. Bg4 Rc5 30. Be6 1/2-1/2

[Event "4NCL/Div1d/BET vs. CAMB1"]
[Site "Staverton Park ENG"]
[Date "2009.05.03"]
[Round "10.2"]
[White "Pinter, Gabor"]
[Black "Ledger, Andrew J"]
[Result "1/2-1/2"]
[WhiteElo "2356"]
[BlackElo "2425"]
[PlyCount "100"]
[EventDate "2009.05.03"]
[EventType "team"]
[EventRounds "11"]
[EventCountry "ENG"]
[SourceDate "2008.10.04"]

1. d4 Nf6 2. Nf3 c5 3. c3 e6 4. Bf4 b6 5. e3 Be7 6. h3 O-O 7. Nbd2 Bb7 8. Bd3
Nc6 9. Qe2 d6 10. O-O Re8 11. Rfd1 Qc7 12. Bg3 Rac8 13. Rac1 Qb8 14. a3 Qa8 15.
b4 cxd4 16. cxd4 Red8 17. e4 g6 18. Qe3 Nb8 19. Bh4 Nbd7 20. Qh6 Rxc1 21. Rxc1
Rc8 22. Re1 Rc3 23. Bb5 Qc8 24. Re3 Bf8 25. Qf4 Rc1+ 26. Kh2 Nh5 27. Qg5 Ndf6
28. Bd3 a6 29. Re1 Rc3 30. Qe3 Nd7 31. g4 Nf4 32. Qxf4 Rxd3 33. Re3 e5 34. Qg3
Rxe3 35. fxe3 Qc3 36. Qf2 Qxa3 37. Ng5 f6 38. Ne6 Be7 39. g5 fxg5 40. Bxg5 Qa2
41. d5 Nf6 42. Kg1 Qa1+ 43. Kg2 Qa2 44. Kf1 Qc2 45. Bxf6 Bxf6 46. Qxf6 Qd1+ 47.
Kf2 Qxd2+ 48. Kf3 Qd1+ 49. Kf2 Qd2+ 50. Kf3 Qd1+ 1/2-1/2

[Event "4NCL/Div1d/BET vs. CAMB1"]
[Site "Staverton Park ENG"]
[Date "2009.05.03"]
[Round "10.3"]
[White "Ansell, Simon"]
[Black "Dearing, Eddie"]
[Result "1/2-1/2"]
[WhiteElo "2394"]
[BlackElo "2394"]
[PlyCount "50"]
[EventDate "2009.05.03"]
[EventType "team"]
[EventRounds "11"]
[EventCountry "ENG"]
[SourceDate "2008.10.04"]

1. e4 c5 2. Nf3 d6 3. c3 Nf6 4. Be2 g6 5. O-O Bg7 6. Bb5+ Nc6 7. Re1 O-O 8. d4
cxd4 9. cxd4 Bg4 10. Bxc6 bxc6 11. Nbd2 Nd7 12. h3 Bxf3 13. Nxf3 Rb8 14. Re2
Qa5 15. Bg5 Rfe8 16. a3 Qb5 17. Rc1 c5 18. e5 dxe5 19. dxe5 Nf8 20. Be3 Ne6 21.
Rec2 Red8 22. Qf1 Qb3 23. Bxc5 Nxc5 24. Rxc5 Qxb2 25. Qa6 Bh6 1/2-1/2

[Event "4NCL/Div1d/BET vs. CAMB1"]
[Site "Staverton Park ENG"]
[Date "2009.05.03"]
[Round "10.4"]
[White "Mah, Karl C C"]
[Black "Webb, Laurence E"]
[Result "1-0"]
[WhiteElo "2408"]
[BlackElo "2346"]
[PlyCount "63"]
[EventDate "2009.05.03"]
[EventType "team"]
[EventRounds "11"]
[EventCountry "ENG"]
[SourceDate "2008.10.04"]

1. Nf3 Nc6 2. d4 d5 3. c4 e5 4. dxe5 d4 5. g3 Bc5 6. a3 a5 7. Bf4 Nge7 8. Nbd2
Be6 9. Bg2 Qd7 10. h4 Ng6 11. h5 Nxf4 12. gxf4 Be7 13. Qb3 Rb8 14. Nh4 g5 15.
fxg5 Nxe5 16. f4 Nxc4 17. Nxc4 b5 18. Be4 Bxc4 19. Qf3 Qd8 20. b3 Be6 21. f5
Bxg5 22. fxe6 Bxh4+ 23. Kd1 fxe6 24. Bc6+ Ke7 25. Rxh4 Rf8 26. Qg2 Qd6 27. Qg5+
Rf6 28. Rc1 Qxa3 29. Rxd4 Qxb3+ 30. Ke1 Qb2 31. Rd7+ Kf8 32. Qg7+ 1-0

[Event "4NCL/Div1d/BET vs. CAMB1"]
[Site "Staverton Park ENG"]
[Date "2009.05.03"]
[Round "10.5"]
[White "Eames, Robert G"]
[Black "Moskovic, David M"]
[Result "1/2-1/2"]
[WhiteElo "2312"]
[BlackElo "2304"]
[PlyCount "133"]
[EventDate "2009.05.03"]
[EventType "team"]
[EventRounds "11"]
[EventCountry "ENG"]
[SourceDate "2008.10.04"]

1. d4 Nf6 2. c4 g6 3. Nc3 Bg7 4. e4 d6 5. f4 O-O 6. Nf3 c5 7. d5 e6 8. Be2 exd5
9. cxd5 Bg4 10. O-O Re8 11. h3 Bxf3 12. Bxf3 Na6 13. g4 Qa5 14. g5 Nd7 15. Bd2
b5 16. Qe2 Rab8 17. Nd1 Qa4 18. Bc3 Bd4+ 19. Kg2 Qc4 20. Qd2 Nb4 21. Be2 Bxc3
22. Nxc3 Qd4 23. Rfd1 Qxd2 24. Rxd2 c4 25. a3 Na6 26. b4 cxb3 27. Nxb5 Nac5 28.
Nxd6 Nxe4 29. Nxe4 Rxe4 30. Bg4 Nc5 31. d6 f5 32. gxf6 h5 33. Bf3 Rxf4 34. Bd5+
Kf8 35. f7 Rf6 36. Re1 Rxd6 37. Rde2 Rdd8 38. Bc4 b2 39. Rb1 Rd4 40. Ba2 Nd3
41. Rc2 Kg7 42. Rc7 Nc1 43. Be6 Ne2 44. Kf3 Rd6 45. Ba2 Nc1 46. Bc4 Nb3 47.
f8=Q+ Kxf8 48. Rf7+ Ke8 49. Re1+ Re6 50. Bxe6 Nd2+ 51. Kf4 b1=Q 52. Rxb1 Rxb1
53. Rxa7 Rf1+ 54. Ke5 Nf3+ 55. Kd6 Kf8 56. Rf7+ Ke8 57. Bd5 Nd2 58. Rxf1 Nxf1
59. a4 Ne3 60. Bc6+ Kd8 61. Bf3 Nc4+ 62. Ke6 Nd2 63. Bd5 g5 64. Kf5 g4 65. hxg4
hxg4 66. Kxg4 Kc7 67. Kf4 1/2-1/2

[Event "4NCL/Div1d/BET vs. CAMB1"]
[Site "Staverton Park ENG"]
[Date "2009.05.03"]
[Round "10.6"]
[White "Alfred, Nathan"]
[Black "Ledger, David J"]
[Result "1/2-1/2"]
[WhiteElo "2295"]
[BlackElo "2235"]
[PlyCount "29"]
[EventDate "2009.05.03"]
[EventType "team"]
[EventRounds "11"]
[EventCountry "ENG"]
[SourceDate "2008.10.04"]

1. d4 Nf6 2. Nf3 e6 3. c4 b6 4. g3 Bb7 5. Bg2 Bb4+ 6. Bd2 Be7 7. O-O O-O 8. Nc3
Ne4 9. d5 Nxc3 10. Bxc3 Bf6 11. Rc1 d6 12. dxe6 fxe6 13. Nd4 Bxg2 14. Kxg2 Qe7
15. e4 1/2-1/2

[Event "4NCL/Div1d/BET vs. CAMB1"]
[Site "Staverton Park ENG"]
[Date "2009.05.03"]
[Round "10.7"]
[White "Ledger, Stephen C"]
[Black "Churm, Rohan M"]
[Result "1/2-1/2"]
[WhiteElo "2140"]
[BlackElo "2178"]
[PlyCount "44"]
[EventDate "2009.05.03"]
[EventType "team"]
[EventRounds "11"]
[EventCountry "ENG"]
[SourceDate "2008.10.04"]

1. d4 Nf6 2. Nf3 g6 3. Bf4 Bg7 4. e3 O-O 5. h3 d6 6. Be2 Nbd7 7. O-O Ne4 8.
Nbd2 Nxd2 9. Qxd2 e5 10. Bh2 Qe7 11. c4 a5 12. Rac1 b6 13. Rfd1 Rd8 14. c5 bxc5
15. dxc5 Nf8 16. cxd6 cxd6 17. Bc4 Ne6 18. Bg3 Bf6 19. Bd5 Bb7 20. Rc4 Nc5 21.
b3 Qc7 22. Bxb7 Qxb7 1/2-1/2

[Event "4NCL/Div1d/BET vs. CAMB1"]
[Site "Staverton Park ENG"]
[Date "2009.05.03"]
[Round "10.8"]
[White "Kourtseva, Julie"]
[Black "Yurenok, Maria S"]
[Result "0-1"]
[WhiteElo "1815"]
[BlackElo "2033"]
[PlyCount "88"]
[EventDate "2009.05.03"]
[EventType "team"]
[EventRounds "11"]
[EventCountry "ENG"]
[SourceDate "2008.10.04"]

1. c4 c6 2. Nc3 d5 3. cxd5 cxd5 4. d4 Nc6 5. Nf3 Nf6 6. g3 e6 7. Bg2 Be7 8. O-O
O-O 9. e3 a6 10. a3 b5 11. b4 Bb7 12. Bb2 Qb6 13. Qd3 Rfd8 14. Ne2 a5 15. bxa5
Nxa5 16. Nd2 Nc4 17. Nxc4 bxc4 18. Qc2 Bc6 19. Nc3 Rdb8 20. Rfb1 Qb3 21. Qd2
Ba4 22. Bc1 Qc2 23. Qxc2 Bxc2 24. Rxb8+ Rxb8 25. a4 Bb4 26. Bd2 Ba5 27. Ra2
Bxc3 28. Rxc2 Bxd2 29. Rxd2 Rb1+ 30. Bf1 Ra1 31. Rb2 g6 32. Rb8+ Kg7 33. Ra8
Ne4 34. Kg2 Ra2 35. Kg1 Ra1 36. Kg2 Ra2 37. Kg1 Nxf2 38. a5 Ng4 39. a6 Nxe3 40.
a7 Ra1 41. Kf2 Nxf1 42. Rc8 Rxa7 43. Kxf1 Ra3 44. Ke1 Rd3 0-1

[Event "4NCL/Div1d/NWE1 vs. RIC"]
[Site "Staverton Park ENG"]
[Date "2009.05.03"]
[Round "10.1"]
[White "Morrison, Graham"]
[Black "Bates, Richard A"]
[Result "1-0"]
[WhiteElo "2347"]
[BlackElo "2384"]
[PlyCount "105"]
[EventDate "2009.05.03"]
[EventType "team"]
[EventRounds "11"]
[EventCountry "ENG"]
[SourceDate "2008.10.04"]

1. d4 Nf6 2. c4 g6 3. Nc3 Bg7 4. e4 d6 5. Nf3 O-O 6. Be2 e5 7. O-O Nc6 8. d5
Ne7 9. Ne1 Nd7 10. f3 f5 11. g4 Kh8 12. h4 a5 13. Nd3 b6 14. Kg2 Nf6 15. Nf2
Neg8 16. Rh1 f4 17. Bd2 h5 18. g5 Nh7 19. Nh3 Bd7 20. Be1 Rf7 21. Bf2 Bf8 22.
Qd2 Be7 23. Rag1 Qf8 24. b3 Bd8 25. a3 Ne7 26. b4 axb4 27. axb4 c5 28. Ra1 Rxa1
29. Rxa1 cxb4 30. Nb5 Nc8 31. Qb2 Qe7 32. Ra8 Rf8 33. Bf1 Bg4 34. fxg4 Qb7 35.
Rxc8 Qxc8 36. Nxd6 Qxg4+ 37. Kh2 Nxg5 38. hxg5 Bxg5 39. Nxg5 Qxg5 40. Bh3 f3
41. Qxb4 h4 42. Qe1 Qf4+ 43. Kh1 Ra8 44. Be6 Ra2 45. c5 Kh7 46. cxb6 h3 47. Qf1
Rc2 48. Qxh3+ Kg7 49. Ne8+ Kf8 50. Qh8+ Ke7 51. Bh4+ g5 52. Qg7+ Kxe8 53. Bd7+
1-0